[Event "XXXIV C.to Italiano Seniores"]
[Site "Arvier ITA"]
[Date "2012.04.22"]
[Round "9"]
[White "Renzini, Lorenzo"]
[Black "De Polzer, Manfredi"]
[WhiteElo "1745"]
[BlackElo "1692"]
[Result "0-1"]
[PlyCount "76"]
[EventDate "2012.04.14"]

1. c4 e5 2. e4 Nf6 3. Nc3 c6 4. Nf3 d6 5. Be2 Be7 6. d4 Qc7 7. d5 a6 8. Bd2 O-O
9. O-O Nbd7 10. Rc1 c5 11. Nh4 Nxe4 12. Nxe4 Bxh4 13. Bd3 f5 14. Ng5 Bxg5 15.
Bxg5 Nf6 16. f3 Qf7 17. Qe1 h6 18. Bd2 g5 19. Kh1 Qh5 20. Be2 f4 21. g4 fxg3
22. Qxg3 Qe8 23. Rg1 Nh5 24. Qf2 Bf5 25. Rce1 Kh7 26. Bxg5 hxg5 27. Rxg5 Bg6
28. Reg1 Nf4 29. Qh4+ Kg7 30. Bd1 Rh8 31. Qg3 Rh6 32. Bc2 Qf7 33. Rf5 Qg8 34.
Qg5 Rxh2+ 35. Kxh2 Qh7+ 36. Kg3 Qh3+ 37. Kf2 Qh2+ 38. Ke3 Qe2# 0-1

[Event "XXXIV C.to Italiano Seniores"]
[Site "Arvier ITA"]
[Date "2012.04.22"]
[Round "9"]
[White "Rosino, Antonio"]
[Black "Goli, Daniele"]
[WhiteElo "2234"]
[BlackElo "1961"]
[Result "0-1"]
[PlyCount "82"]
[EventDate "2012.04.14"]

1. e4 c6 2. d4 d5 3. Nc3 dxe4 4. Nxe4 Bf5 5. Ng3 Bg6 6. h4 h6 7. Nf3 Nd7 8. h5
Bh7 9. Bd3 Bxd3 10. Qxd3 e6 11. Bd2 Ngf6 12. O-O-O Qc7 13. Ne4 Be7 14. g3 O-O
15. Kb1 c5 16. Bf4 Qc6 17. Ne5 Qxe4 18. Nxd7 Qxd3 19. Nxf6+ Bxf6 20. Rxd3 cxd4
21. Re1 Rfd8 22. Be5 Rd5 23. f4 Rc8 24. Bxf6 gxf6 25. g4 Rcd8 26. Red1 Kf8 27.
Kc1 Ke7 28. Rg1 Rg8 29. Rdg3 e5 30. Re1 Ke6 31. f5+ Ke7 32. Kd2 Rc8 33. Rb3 Rc7
34. Kd3 Rdc5 35. Re4 Rxc2 36. Rxb7 Rd2+ 37. Kxd2 Rxb7 38. Kc2 Kd6 39. a3 Kd5
40. Re1 e4 41. b4 Rc7+ 0-1

[Event "XXXIV C.to Italiano Seniores"]
[Site "Arvier ITA"]
[Date "2012.04.22"]
[Round "9"]
[White "Scalfi, Agostino"]
[Black "Zangrando, Gianpietro"]
[WhiteElo "1923"]
[BlackElo "1780"]
[Result "1/2-1/2"]
[PlyCount "28"]
[EventDate "2012.04.14"]

1. e4 e6 2. d4 d5 3. Nc3 Bb4 4. Bd3 dxe4 5. Bxe4 Nf6 6. Bg5 h6 7. Bxf6 Qxf6 8.
Nf3 O-O 9. O-O Nd7 10. Ne2 Rd8 11. Bd3 b6 12. Ng3 Bb7 13. Nh5 Qe7 14. Qe2 Nf6
1/2-1/2

[Event "XXXIV C.to Italiano Seniores"]
[Site "Arvier ITA"]
[Date "2012.04.22"]
[Round "9"]
[White "Tedesco, Fernando"]
[Black "Giani, Franco"]
[WhiteElo "1685"]
[BlackElo "1942"]
[Result "1/2-1/2"]
[PlyCount "77"]
[EventDate "2012.04.14"]

1. e4 c5 2. d4 d6 3. dxc5 Qa5+ 4. Nc3 Qxc5 5. Be3 Qa5 6. Bd2 Qd8 7. Bd3 g6 8.
Nf3 Bg7 9. Qc1 Nc6 10. Bb5 Bd7 11. O-O a6 12. Bxc6 bxc6 13. h3 Qc8 14. Ne2 Nf6
15. Ng3 Rb8 16. c3 O-O 17. Rb1 Ne8 18. Bh6 c5 19. Bxg7 Kxg7 20. c4 f6 21. b3
Nc7 22. Qd2 Ne6 23. Rfe1 Qc7 24. Ne2 Rf7 25. Nf4 Nxf4 26. Qxf4 Rbf8 27. Qd2 h6
28. Rbd1 Kh7 29. Qd3 Qc8 30. Rd2 Kg7 31. Nh2 f5 32. e5 e6 33. exd6 Rd8 34. Qc3+
Kh7 35. Qe5 Rdf8 36. f4 Qc6 37. Nf3 Rg8 38. h4 Qb6 39. Kf2 1/2-1/2